Zákonník práce
Predsedníctvo Federálneho zhromaždenia vyhlasuje úplné znenie Zákonníka práce č.65/1965 Zb. so zmenami a doplnkami vykonanými v znení neskorších zákonov a doplnkov. V rámci realizácie sociálnej reformy dochádza k novelizácii Zákonníka práce zákonmi FZ ČSFR č.3/1991 Zb., č.297/1991 Zb. a č.231/1992 Z...
Gespeichert in:
| Format: | Buchkapitel |
|---|---|
| Sprache: | Slowakisch |
| Schlagworte: | |
| Tags: |
Keine Tags, Fügen Sie das erste Tag hinzu!
|
MARC
| LEADER | 00000naa a2200000 4500 | ||
|---|---|---|---|
| 001 | r016284 | ||
| 005 | 20221213123125.0 | ||
| 041 | 0 | |a slo | |
| 044 | |a SK | ||
| 245 | 1 | 0 | |a Zákonník práce |
| 520 | |a Predsedníctvo Federálneho zhromaždenia vyhlasuje úplné znenie Zákonníka práce č.65/1965 Zb. so zmenami a doplnkami vykonanými v znení neskorších zákonov a doplnkov. V rámci realizácie sociálnej reformy dochádza k novelizácii Zákonníka práce zákonmi FZ ČSFR č.3/1991 Zb., č.297/1991 Zb. a č.231/1992 Zb. | ||
| 610 | 2 | 0 | |a zákonník práce |
| 610 | 2 | 0 | |a právo pracovné |
| 610 | 2 | 0 | |a zákony |
| 610 | 2 | 0 | |a FZ ČSFR Praha |
| 610 | 2 | 0 | |a 1991-1992 |
| 610 | 2 | 0 | |a novelizácia |